Código Civil y Comercial

Guardado en:
Formato: Seriadas
Idioma:Spanish
Publicado: Buenos Aires : La Ley, 2015
Materias:
Etiquetas: Agregar Etiqueta
Sin Etiquetas, Sea el primero en etiquetar este registro!
LEADER 00479nas a22001455a 4500
001 DER.der012961
008 180615s2015####|||||#|||||||||###||spa||
005 20260414154402.0
245 1 0 |a Código Civil y Comercial 
260 |a Buenos Aires :  |b La Ley,  |c 2015 
300 |a 192 p. 
500 |a Academia Nacional de Derecho y Ciencias Sociales de Buenos Aires 
650 7 |a DERECHO CIVIL Y COMERCIAL 
653 |a CODIGO CIVIL Y COMERCIAL ARGENTINO 
859 |a DERECHO  |b BIB. DERECHO  |h 348.023  |i ARG  |p 007799